الأنشطة الكتابية وتنمية مهارات التفكير العليا : (Record no. 14229)
[ view plain ]
| 000 -الفاتح | |
|---|---|
| حقل البيانات ثابتة الطول | 00888cam a22002057a 4500 |
| 008 - عناصر البيانات ثابتة الطول - معلومات عامة | |
| حقل البيانات ثابتة الطول | 100627t2003 xxu||||g |||| 00| 0 ara d |
| 020 ## - الرقم الدولى المعيارى للكتب | |
| الرقم الدولى المعيارى للكتاب | 9772004003 |
| 082 ## - رقم تصنيف ديوى العشرى | |
| رقم الطبعة | 22 |
| رقم التصنيف | 153.42 |
| رقم المادة | ح م ي |
| 100 ## - المدخل الرئيسى - إسم شخصى | |
| 9 (RLIN) | 17625 |
| الإسم الشخصى | حميدة، فاطمة إبراهيم |
| 245 ## - بيان العنوان | |
| العنوان | الأنشطة الكتابية وتنمية مهارات التفكير العليا : |
| بقية العنوان | دراسة تجريبية فى تدريس الجغرافيا / |
| بيان المسئوليه,etc | فاطمة إبراهيم حميدة |
| 260 ## - PUBLICATION, DISTRIBUTION, ETC. (IMPRINT) | |
| مكان الناشر او الموزع | القاهرة: |
| اسم الناشر او الموزع | مكتبة النهضة المصرية ، |
| تاريخ النشر أو التوزيع | [2003]. |
| 300 ## - الوصف المادى | |
| التعداد | 216 ص : |
| أبعاد الوعاء | ؛24سم |
| تفاصيل ماديه اخرى للوعاء | خرائط ؛ |
| 500 ## - تبصرة عامة | |
| تبصرة عامة | إهداء |
| 504 ## - تبصرة ببليوجرافية | |
| تبصرة ببليوجرافية,الخ | يحتوى على إرجاعات ببليوجرافية |
| 650 ## - المدخل الاضافى بالموضوع-مصطلح موضوعى | |
| 9 (RLIN) | 17697 |
| مصطلح موضوعي أو اسم جغرافي كعنصر مدخل | الكتابة الفنية |
| 650 ## - المدخل الاضافى بالموضوع-مصطلح موضوعى | |
| 9 (RLIN) | 17696 |
| مصطلح موضوعي أو اسم جغرافي كعنصر مدخل | أساسيات التعليم |
| 650 ## - المدخل الاضافى بالموضوع-مصطلح موضوعى | |
| 9 (RLIN) | 15263 |
| مصطلح موضوعي أو اسم جغرافي كعنصر مدخل | التفاعلية |
| 650 ## - المدخل الاضافى بالموضوع-مصطلح موضوعى | |
| 9 (RLIN) | 15264 |
| مصطلح موضوعي أو اسم جغرافي كعنصر مدخل | المنهجية |
| 942 ## - عناصر المدخل الإضافي( كوها) | |
| مصدر التصنيف او مخطط الترفيف | Dewey Decimal Classification |
| Koha [default] item type | Book - Borrowing |
| حالة التراجع | حالة الفقد | مصدر التصنيف او خطة الترفيف | حالة تلف | ليس للاعارة | مجموعات كوها | المكان الدائم | المكان الحالي | موقع الترفيف | تاريخ الاكتساب | Source of acquisition | رقم الاستدعاء | الباركود | Date last seen | نوع الوعاء |
|---|---|---|---|---|---|---|---|---|---|---|---|---|---|---|
| Dewey Decimal Classification | Central Library | Central Library | Lower Floor | 27/06/2010 | Donation | 153.42 ح م ي | 000021191 | 15/07/2025 | Book - Borrowing |